El ocio en la vida de las personas con discapacidad : actas de las primeras jornadas de la Cátedra de Ocio y Minusvalías /
Memoria de la primera Cátedra de Ocio y Minusvalías, organizada en mayo de 1994 por el Instituto Interdisciplinar de Estudios de Ocio de la Universidad de Deusto, localizada en Bilbao, España. La presentación pública de la Cátedra -su origen, filosofía y áreas de actuación- integra la primera parte...
Kaydedildi:
| Müşterek Yazar: | |
|---|---|
| Diğer Yazarlar: | |
| Materyal Türü: | Konferans Sunumu Kitap |
| Dil: | İspanyolca |
| Baskı/Yayın Bilgisi: |
Bilbao, España : España :
Universidad de Deusto, Instituto Interdisciplinar de Estudios de Ocio ; Fundación ONCE para la Cooperación e Integración Social de Personas con Minusvalías,
1995, c1995
|
| Seri Bilgileri: | (Documentos de Estudios de Ocio ;
1) |
| Konular: | |
| Etiketler: |
Etiket eklenmemiş, İlk siz ekleyin!
|
MARC
| LEADER | 00000nam^a2200000^a^4500 | ||
|---|---|---|---|
| 001 | 000135353 | ||
| 005 | 20250521000000.0 | ||
| 009 | 20260310095240.053 | ||
| 020 | |a 84-7485-422-9 | ||
| 037 | |a Acervo ITESO - Biblioteca | ||
| 041 | |a ESP | ||
| 082 | |a 306. 4812 |b DOC V. 1 | ||
| 111 | |a Cátedra de Ocio y Minusvalías ( |n 1a : |d 1994 : |c Universidad de Deusto) | ||
| 240 | 1 | 1 | |a [Documentos de estudios de ocio] |
| 240 | 1 | 1 | |a [Cátedra de Ocio y Minusvalías] |
| 245 | 1 | 3 | |a El ocio en la vida de las personas con discapacidad : |b actas de las primeras jornadas de la Cátedra de Ocio y Minusvalías / |c Introd. de M. Cuenca Cabeza. |
| 264 | 4 | |a Bilbao, España : |b Universidad de Deusto, Instituto Interdisciplinar de Estudios de Ocio ; |a España : |b Fundación ONCE para la Cooperación e Integración Social de Personas con Minusvalías, |c 1995, c1995 | |
| 300 | |a 68 p. | ||
| 336 | |a texto |b txt |2 rdacontenido | ||
| 337 | |a sin mediación |b n |2 rdamedio | ||
| 338 | |a volumen |b nc |2 rdasoporte | ||
| 440 | 1 | |a (Documentos de Estudios de Ocio ; |v 1) | |
| 520 | |a Memoria de la primera Cátedra de Ocio y Minusvalías, organizada en mayo de 1994 por el Instituto Interdisciplinar de Estudios de Ocio de la Universidad de Deusto, localizada en Bilbao, España. La presentación pública de la Cátedra -su origen, filosofía y áreas de actuación- integra la primera parte del volumen, para dar paso a una exposición del especialista Gerald S. O'Morrow acerca de las tendencias y retos de las actividades de ocio de los ciudadanos norteamericanos con discapacidad. | ||
| 649 | |a XX | ||
| 650 | |a Ocio y Tiempo Libre - |x Congresos | ||
| 650 | |a Discapacitados Norteamericanos | ||
| 650 | |a Ocio y Tiempo Libre - |z EUA | ||
| 650 | |a Centros de Investigación - |z Bilbao, España | ||
| 650 | |a Universidades - |z Bilbao, España | ||
| 650 | |a Instituciones Educativas - |z Bilbao, España | ||
| 700 | |a Cuenca Cabeza, Manuel |e (introducción) | ||
| 910 | |a Fondo General | ||
| 920 | |a Impresos - Libros | ||
| 930 | |a Colección General | ||
| 905 | |a 101 | ||
| 901 | |a 0500064199 |b IT1 |c ACC |u 20250521 | ||
| 902 | |a https://opac.biblio.iteso.mx/vufind/Record/000135353 | ||